000 00184nam a2200073Ia 4500
008 170620s9999 xx 000 0 und d
100 _aKalra
245 0 _aTEACHING AND INCLUDING A HEALTHY LIFE STYLE
260 _bSHIPRA
999 _c26877
_d26877